| 000 | 00561nam a22001817a 4500 | ||
|---|---|---|---|
| 003 | OSt | ||
| 005 | 20130619111517.0 | ||
| 008 | 130619s1988 xxu||||| |||| 00| 0deng d | ||
| 020 | _a0873373656 | ||
| 040 | _cCDMR | ||
| 100 | 1 |
_93837 _aHeald, Morrell |
|
| 245 | 1 | 0 |
_aTransatlantic Vistas _b: American journalists in Europe, 1900/1940 _cMorrell Heald |
| 260 |
_aKent _bKent State University Press _c1988 |
||
| 300 | _a281 p. | ||
| 650 | 0 | 4 |
_93836 _aPeriodistes _zEstats Units d'Amèrica _vBiografia |
| 650 | 0 | 4 |
_92802 _aCorresponsals estrangers _yS. XX |
| 942 |
_2udc _cMON |
||
| 999 |
_c6495 _d6495 |
||